000 00374 a2200157 4500
001 164936
020 _a
040 _cMagnum
100 _aDante, Luiz Roberto
240 1 0 _aDidatica da resolucao de problemas de matematica
_lpor
245 1 0 _aDidatica da resolucao de problemas de matematica
362 0 _a1899
440 1 _aÁtica
697 _aENSINO
942 _cBK
999 _c164936
_d164936